000 00461nam a22001577a 4500
003 MPLRDC
005 20220104160417.0
008 210129b ||||| |||| 00| 0 eng d
082 _a868.71 MHXL v.7
100 _a马来西亚华校校友会联合会总会编
245 _a第11届(2006)全国征文比赛
_c
260 _a马来西亚
_b马来西亚华校校友会联合会总会
_c
300 _b179
650 _a马华文学
942 _cBK
_o868.71 MHXL v.7
999 _c54967
_d54957